000 00599nam a2200217Ia 4500
003 OSt
005 20220926040459.0
006 a|||||r|||| 00| 0
007 ta
008 220923b |||||||| |||| 00| 0 eng d
037 _cGeneral Book
040 _aRTL
_cRTL
_beng
041 _2eng
_aeng
082 _aX:546:Z2qN40, H3
100 _aIndia, Commerce (Department of-)
_9126633
245 0 _aHandbbok on import trade control
260 _c1943
650 _aImport
942 _hX:546:Z2qN40, H3
_cGB
_2CC
999 _c664881
_d664881